| 000 | 00599nam a22001937a 4500 | ||
|---|---|---|---|
| 999 |
_c15499 _d15499 |
||
| 003 | AR-CdUCM | ||
| 008 | 190422b ||||| |||| 00| 0 spa d | ||
| 020 | _a978-9974-738-42-3 | ||
| 040 |
_aMUNICIPALIDAD PROVINCIAL DEL CUSCO _cBIBLIOTECA MUNICIPAL DEL CUSCO |
||
| 082 |
_aPI / 376.1 / _bL28 |
||
| 110 |
_aLatinbooks international _932792 |
||
| 245 | _aLa granja / | ||
| 260 |
_aChina : _bLatinbooks international, _c2016. |
||
| 300 |
_bIlustraciones, _c17 cm. |
||
| 440 |
_aAqualibros botecitos. _934591 |
||
| 650 |
_aCuentos infantiles _93927 |
||
| 942 |
_2ddc _cLIBROS |
||
| 945 |
_arum _d2019-04-27 |
||